| 000 | 00699nam a22001937a 4500 | ||
|---|---|---|---|
| 999 |
_c16879 _d16879 |
||
| 003 | AR-CdUCM | ||
| 008 | 190506b ||||| |||| 00| 0 sap d | ||
| 040 |
_aMUNICIPALIDAD PROVINCIAL DEL CUSCO _cBIBLIOTECA MUNICIPAL DEL CUSCO |
||
| 082 |
_a320.9 / _bN78 |
||
| 100 |
_aNomad, Max. _936602 |
||
| 245 |
_aHerejes Políticos : _bDe Platon a Mao Tse-Tung / |
||
| 260 |
_aMéxico : _bLibreros mexicanos unidos, _c1964. |
||
| 300 |
_a397 páginas ; _c20 cm. |
||
| 505 | _aContenido :Antiguos utopistas -- Los rebeldes -- Los soñadores -- Los críticos -- Los nuevos amos -- Los ultras ... | ||
| 650 |
_aPolítica. _9291 |
||
| 650 |
_aGobierno. _92618 |
||
| 942 |
_2ddc _cLIBROS |
||
| 945 |
_arum _d2019-05-06 |
||